LIBRARY & INFORMATION CENTRE, KCAET, TAVANUR

ONLINE PUBLIC ACCESS CATALOGUE (OPAC)

Monoply (Record no. 11235)

MARC details
000 -LEADER
fixed length control field 00355cam a2200157ua 4500
041 ## - LANGUAGE CODE
Language code of text/sound track or separate title eng
082 ## - DEWEY DECIMAL CLASSIFICATION NUMBER
Classification number 338.82
Item number ROB/MO
100 ## - MAIN ENTRY--AUTHOR NAME
Personal name E.A.G. Robinson, Robinson .
245 ## - TITLE STATEMENT
Title Monoply
260 ## - PUBLICATION, DISTRIBUTION, ETC. (IMPRINT)
Place of publication :
Name of publisher Cambridge university ,
Year of publication 1959.
300 ## - PHYSICAL DESCRIPTION
Number of Pages 298 ; .

No items available.

free website counter